| 000 | 00803nam a2200265 i 4500 | ||
|---|---|---|---|
| 001 | 8246 | ||
| 003 | ES-MaACL | ||
| 005 | 20250519193010.0 | ||
| 007 | t| | ||
| 008 | 920424s1989 sp ||||1| spa d | ||
| 020 | _a84-206-8542-9 | ||
| 080 | _a78(45)"1792/1868"Rossini | ||
| 080 | _a92 Rossini | ||
| 080 | _a7 Rossini | ||
| 100 | 1 |
_aVitoux, Frédéric. _9115526 |
|
| 245 | 1 | 0 |
_aRossini / _cFrédéric Vitoux ; versión española de Daniel de la Iglesia. |
| 260 |
_aMadrid : _bAlianza, _cD.L. 1989. |
||
| 300 |
_a170 p. ; _c21 cm. |
||
| 490 | 1 |
_aAlianza música ; _v42 |
|
| 600 | 1 | 4 |
_aRossini, Gioachino, _d1792-1868 _9240542 |
| 700 | 1 |
_aIglesia, Daniel de la. _965059 |
|
| 830 | 0 |
_aAlianza música ; _v42 _9178062 |
|
| 852 |
_aES-MaACL _jL-15724 _bR.120094 |
||
| 999 |
_c8246 _d8246 |
||